000 00447cam a2200169ua 4500
020 _c475.00
041 _aeng
_h
082 _a020
_bRAM/CO
100 _aRaman Nair, R .
245 _aComputer application to library and information science /
_cR.Raman Nair.
_hTextual Documents
260 _aNew Delhi :
_bEss Ess Publications ,
_c1992.
300 _a280 ; .
365 _a475.00
504 _a
942 _cBK
999 _c9095
_d9095